Мужики и бабы: роман

Dades bibliogràfiques
Autor principal: Можаев Б. А. Борис Андреевич
Altres autors: Тарасенко Н. О. (иллюстратор)
Sumari:Роман Бориса Можаева "Мужики и бабы" помогает осмыслить истоки нашей сегодняшней жизни, понять, как в исторически минимальный срок была осуществлена всеохватывающая социальная революция в деревне, в корне изменившая веками складывавшийся уклад хозяйственной жизни крестьянина.
Idioma:rus
Publicat: Кишинев, Лумина, 1989
Matèries:
Format: MixedMaterials Llibre
KOHA link:https://koha.lib.tpu.ru/cgi-bin/koha/opac-detail.pl?biblionumber=144662

MARC

LEADER 00000nam0a2200000 4500
001 144662
005 20231101221117.0
010 |a 537200410X 
020 |a RU  |b 90-787 
035 |a (RuTPU)RU\TPU\book\156780 
090 |a 144662 
100 |a 20081007d1989 m y0rusy5003 ca 
101 0 |a rus 
102 |a MD 
105 |a a z 000ay 
200 1 |a Мужики и бабы  |e роман  |f Б. А. Можаев  |g худож. Н. О. Тарасенко 
210 |a Кишинев  |c Лумина  |d 1989 
215 |a 607,[1] с.  |c ил.  |d 22 см 
330 |a Роман Бориса Можаева "Мужики и бабы" помогает осмыслить истоки нашей сегодняшней жизни, понять, как в исторически минимальный срок была осуществлена всеохватывающая социальная революция в деревне, в корне изменившая веками складывавшийся уклад хозяйственной жизни крестьянина. 
610 1 |a Деревня в СССР 
610 1 |a советская литература 
610 1 |a романы 
675 |a Р2  |z rus 
700 1 |a Можаев  |b Б. А.  |c русский писатель  |c поэт  |c драматург  |f 1923-1996  |g Борис Андреевич  |2 stltpush  |3 (RuTPU)RU\TPU\pers\10128  |9 2177 
702 1 |a Тарасенко  |b Н. О.  |4 440 
801 0 |a RU  |b RuMRKP  |c 19950417  |g psbo 
801 1 |a RU  |b 63413507  |c 20081007  |g PSBO 
801 2 |a RU  |b 63413507  |c 20180518  |g PSBO 
942 |c BK